Nederlandse gemeenten die beginnen met een W - Statistieken

Algemene statistieken
  • Deze quiz is 60 keer genomen
  • De gemiddelde score is 17 van 25
Antwoordstatistieken
Nr. Antwoord % Correct
23 Woerden
94%
1 Waadhoeke
82%
3 Waalwijk
82%
5 Wageningen
82%
15 Westland
82%
17 Wierden
82%
18 Wijchen
82%
7 Waterland
76%
13 Westervoort
76%
21 Winterswijk
76%
8 Weert
71%
19 Wijdemeren
71%
25 Woudenberg
71%
9 West Betuwe
65%
12 Westerveld
65%
24 Wormerland
65%
6 Wassenaar
59%
14 Westerwolde
59%
16 Weststellingwerf
59%
2 Waalre
53%
4 Waddinxveen
53%
11 Westerkwartier
53%
10 West Maas en Waal
53%
22 Woensdrecht
53%
20 Wijk bij Duurstede
47%
Geen overeenkomende quizzen gevonden
Scoreverdeling
Procent van Mensen met Elke Score
Percentiel versus Aantal Correcte Antwoorden
Uw Scoregeschiedenis
U heeft deze quiz nog niet genomen